Reflections Enthnic jewelry from the middle east & north africa

محفوظ في:

المؤلف الرئيسي: Roger hardister.

التنسيق: كتاب

اللغة: Undetermined

منشور في: Cairo Readers corner bookshop 1998

الوسوم: إضافة وسم

لا توجد وسوم, كن أول من يضع وسما على هذه التسجيلة!

رقم الطلب: F40 HARD

LEADER 00365nam a2200121Ia 4500
008 240404s9999||||xx |||||||||||||| ||und||
050 4 |a F40 HARD 
100 1 |a Roger hardister. 
245 1 0 |a Reflections  |b Enthnic jewelry from the middle east & north africa  |c Roger hardister 
264 1 |a Cairo  |b Readers corner bookshop  |c 1998 
300 |a 100  |c 23 
942 |2 lcc  |c BK 
999 |c 57922  |d 57922